书目信息 |
| 题名: |
人体解剖生理学
|
|
| 作者: | 胡集荣 主编 | |
| 分册: | 上册 | |
| 出版信息: | 长春 东北师范大学出版社 1990 |
|
| 页数: | 325页 | |
| 开本: | 21cm | |
| 丛书名: | ||
| 单 册: | ||
| 中图分类: | R324 | |
| 科图分类: | ||
| 主题词: | 人体解剖学--ren ti jie pou xue--人体生理学--师范大学--教材 | |
| 电子资源: | ||
| ISBN: | 7-5602-0404-X | |
| 000 | 00682nam0 2200229 450 | |
| 001 | 012006080077 | |
| 005 | 20070719091310.89 | |
| 010 | @a7-5602-0404-X@dCNY3.50 | |
| 100 | @a20060902d1990 ekmy0chiy0121 ea | |
| 101 | 0 | @achi |
| 102 | @aCN@b220000 | |
| 105 | @ay a 000yy | |
| 200 | 1 | @a人体解剖生理学@Aren ti jie pou sheng li xue@h上册@f胡集荣主编 |
| 210 | @a长春@c东北师范大学出版社@d1990 | |
| 215 | @a325页@c图@d21cm | |
| 300 | @a全国高等师范专科学校教材 | |
| 333 | @a一般读者 | |
| 606 | 0 | @a人体解剖学@Aren ti jie pou xue@x人体生理学@x师范大学@j教材 |
| 690 | @aR324@v4 | |
| 701 | 0 | @a胡集荣@Ahu ji rong@4主编 |
| 801 | 0 | @aCN@bPFT@c20070719 |
| 905 | @a10447@dR324@e166:1 | |
| 人体解剖生理学.上册/胡集荣主编.-长春:东北师范大学出版社,1990 |
| 325页:图;21cm |
| 全国高等师范专科学校教材.-使用对象:一般读者 |
| ISBN 7-5602-0404-X:CNY3.50 |
| ● |
| 相关链接 |
|
|
|
|
正题名:人体解剖生理学
索取号:R324/166:1
 
预约/预借
| 序号 | 登录号 | 条形码 | 馆藏地/架位号 | 状态 | 备注 |
| 1 | 0518326 | 205183264 | 第二样本阅览室/ [索取号:R324/166:1] | 在馆 | |
| 2 | 0518327 | 205183273 | 密集书库/ [索取号:R324/166:1] | 在馆 | |
| 3 | 0518328 | 205183282 | 密集书库/ [索取号:R324/166:1] | 在馆 | |
| 4 | 0767063 | 207670634 | 密集书库/ [索取号:R324/166:1] | 在馆 |